Analýza rozdielov výkupných cien materiálov z druhotných surovín diplomová práca

Saved in:
Bibliographic Details
Main Author: Girgoško, Štefan
Corporate Author: Podnikovohospodárska fakulta EU so sídlom v Košiciach. Katedra manažmentu
Other Authors: Bosák, Martin, 1967-
Format: Book
Language:Slovak
Published: Košice 2015
Tags: Add Tag
No Tags, Be the first to tag this record!

MARC

LEADER 00000nbm a2200000 4500
001 0202179
005 20161212094407.2
041 0 |a slo 
044 |a SK 
245 1 0 |a Analýza rozdielov výkupných cien materiálov z druhotných surovín  |b diplomová práca  |c Štefan Girgoško ; školiteľ: Martin Bosák 
264 1 |a Košice  |c 2015 
300 |a 72 s. 
100 1 |a Girgoško, Štefan 
700 1 |a Bosák, Martin, 1967- 
710 2 |a Podnikovohospodárska fakulta EU so sídlom v Košiciach. Katedra manažmentu